Post Colonialism (Record no. 16203)

MARC details
000 -LEADER
fixed length control field 00596nam a2200229 a 4500
020 ## - INTERNATIONAL STANDARD BOOK NUMBER
ISBN 0192801821
082 00 - DEWEY DECIMAL CLASSIFICATION NUMBER
Classification number 306
Author Cutter YOU
100 ## - MAIN ENTRY--AUTHOR NAME
Author name Young, Robert J C
245 ## - TITLE STATEMENT
Title Post Colonialism
Sub title a Very Short Introduction
260 ## - PUBLICATION, DISTRIBUTION, ETC. (IMPRINT)
Place of publication Londan
Name of publisher Oxford University Press
Year of publication 2003
300 ## - PHYSICAL DESCRIPTION
Number of Pages 180p
500 ## - GENERAL NOTE
General note includes index and biblioraphy
505 2# - FORMATTED CONTENTS NOTE
Formatted contents note Bibliography, Index
942 ## - ADDED ENTRY ELEMENTS (KOHA)
Koha item type Books
700 1# -
-- Young, Robert J C
Holdings
Collection code Home library Current library Date acquired Cost, normal purchase price Full call number Accession Number Koha item type
  Henry Martyn Institute Library Henry Martyn Institute Library 03/07/2012 150.00 306 YOU 021358 Books
                   Copyright © 2026 | Henry Martyn Institute | Hyderabad | TS-500052 | INDIA | Implemented by hmi.edu.in
Hit-Count:

Powered by Koha